10 to 1 Sorting Gallery Quiz Stats

 Plays Quiz Updated Dec 7, 2017

Support Sporcle.
Go Orange.
Score 0/55 Timer 04:00
29 Plays Today
% Correct
British Columbia
98.1%
Quebec
96.1%
Nova Scotia
96%
New Brunswick
96%
Alberta
95.3%
Ontario
95.1%
Newfoundland and Labrador
94.7%
Adverb
94.6%
Adjective
94.5%
Greed
94.1%
Prince Edward Island
93.9%
Lust
93.9%
Envy
93.6%
Noun
93.2%
Pride
93.1%
Saskatchewan
93%
Gluttony
92.9%
Pronoun
92.6%
Verb
92.6%
Wrath
92.4%
Conjunction
91.4%
Dewey
90.8%
Huey
90.5%
Preposition
90.4%
Sloth
90.3%
Blackhawk
90.3%
Louie
90%
Manitoba
89.7%
% Correct
Interjection
89.7%
Frontal
89.4%
Red Wing
89.2%
Maple Leaf
88.8%
Ranger
88.5%
Temporal
87.8%
Exodus
87.6%
Genesis
87.5%
Canadien
86.8%
That
86.3%
Leviticus
85.3%
Occipital
84.8%
Bruin
83.9%
Parietal
83.8%
Calliope
83%
Deuteronomy
81.4%
Clio
78.4%
Thalia
77.7%
Euterpe
76.4%
Numbers
76.1%
Erato
76%
Polyhymnia
75.2%
Melpomene
75%
Urania
71.1%
Terpsichore
64.6%
Phobos
63.7%
Deimos
62.8%

From the Vault

Name Any Country...

by bhenderson79

Well, not ANY country.
Remove Ads.
Support Sporcle.
Get the best of Sporcle when you Go Orange. This ad-free experience offers more features, more stats, and more fun while also helping to support Sporcle. Thank you for becoming a member.

Show Comments

Extras

Top Quizzes Today


Score Distribution

Your Account Isn't Verified!

In order to create a playlist on Sporcle, you need to verify the email address you used during registration. Go to your Sporcle Settings to finish the process.

Report this User

Report this user for behavior that violates our Community Guidelines.

Details: